000 00295nam a22001337a 4500
008 181030b xxu||||| |||| 00| 0 eng d
020 _a9780443054716
041 _aeng
080 _a616.073
100 _a6
101 _aRAD
245 _aObstetric Ultrasound
_cChudlegih, T
942 _2udc
_cBK
999 _c51157
_d51157